Maps and diagrams: their compilation and construction (Record no. 50335)
[ view plain ]
| 000 -LEADER | |
|---|---|
| fixed length control field | 00871nam a2200229 a 4500 |
| 008 - FIXED-LENGTH DATA ELEMENTS--GENERAL INFORMATION | |
| fixed length control field | 120416s1971 ||||||||||||||||| || u |
| 020 ## - INTERNATIONAL STANDARD BOOK NUMBER | |
| International Standard Book Number | 0416074502 |
| 050 ## - LIBRARY OF CONGRESS CALL NUMBER | |
| Classification number | GA 105 Mon |
| 100 ## - MAIN ENTRY--PERSONAL NAME | |
| Personal name | Wilkinson, Henry Robert |
| 245 10 - TITLE STATEMENT | |
| Title | Maps and diagrams: their compilation and construction |
| 250 ## - EDITION STATEMENT | |
| Edition statement | 3rd ed. revised and enlarged. |
| 260 ## - PUBLICATION, DISTRIBUTION, ETC. | |
| Place of publication, distribution, etc. | London |
| Name of publisher, distributor, etc. | Methuen |
| Date of publication, distribution, etc. | 1971 |
| 300 ## - PHYSICAL DESCRIPTION | |
| Extent | xxii, 522 p., 7 plates (2 fold.) illus., maps (some col.) |
| 350 ## - PRICE (NR) (BK AM CF MU VM SE) [OBSOLETE] | |
| Price | 0.00 |
| 490 ## - SERIES STATEMENT | |
| Series statement | University paperbacks |
| 490 ## - SERIES STATEMENT | |
| Volume/sequential designation | UP75 |
| 500 ## - GENERAL NOTE | |
| General note | 'Distributed in the U.S.A. by Barnes & Noble Inc.' -Includes bibliographical references. |
| 650 ## - SUBJECT ADDED ENTRY--TOPICAL TERM | |
| Topical term or geographic name entry element | GEOGRAPHY |
| 650 ## - SUBJECT ADDED ENTRY--TOPICAL TERM | |
| Topical term or geographic name entry element | CARTOGRAPHY |
| 700 ## - ADDED ENTRY--PERSONAL NAME | |
| Personal name | Monkhouse, Francis John |
| 995 ## - RECOMMENDATION 995 [LOCAL, UNIMARC FRANCE] | |
| -- | 0.00 |
| -- | CBU-MAIN LIBRARY (Kitwe) |
| -- | 1 |
| -- | 6.25 |
| -- | 1 |
| -- | AVAILABLE |
| -- | Main Library Open Access Collection |
| Withdrawn status | Lost status | Source of classification or shelving scheme | Damaged status | Not for loan | Home library | Current library | Shelving location | Date acquired | Total Checkouts | Full call number | Barcode | Date last seen | Price effective from | Koha item type |
|---|---|---|---|---|---|---|---|---|---|---|---|---|---|---|
| CBU-MAIN LIBRARY, KITWE. | CBU-MAIN LIBRARY, KITWE. | 11/30/2022 | GA 105 Mon | 023783 | 11/30/2022 | 11/30/2022 | MONOGRAPH |